| 000 | 01224nam a2200265Ia 4500 | ||
|---|---|---|---|
| 999 |
_c53196 _d53196 |
||
| 001 | 20237 | ||
| 003 | GE_BSU | ||
| 005 | 20200630155855.0 | ||
| 008 | 181216s||||||||xx |||||||||||||| ||geo|| | ||
| 040 | _cGE_BSU | ||
| 041 | _ageo | ||
| 080 | _a811.353.1'342 ჟ-99 | ||
| 100 |
_aჟღენტი, ს. (სერგი) _98918 |
||
| 245 |
_aქართული ენის ფონეტიკა / _cს. (სერგი) ჟღენტი ; რედ. გ. ახვლედიანი. |
||
| 264 |
_aთბილისი : _bსტალინის სახელობის თსუ გამ-ბა, _c1956. |
||
| 300 |
_a316 გვ. : _b ნახ. ; _c22 სმ. |
||
| 490 |
_aზოგადი ენათმეცნიერების კათედრის შრომები _v2 |
||
| 541 | _h2 ლ. | ||
| 653 | _aქართული ენა | ||
| 653 | _aქართული ენის ფონეტიკა | ||
| 700 |
_aახვლედიანი, გ. _eრედაქტორი _92910 |
||
| 710 |
_aსსრკ უმაღლესი განათლების სამინისტრო _98919 |
||
| 710 |
_a თსუ _98920 |
||
| 942 |
_cBK _2udc |
||